Dirección y gestión de proyectos (Registro nro. 4485)

Detalles MARC
000 -CABECERA
Longitud fija campo de control 01323nam a2200277Ia 4500
005 - • FECHA Y HORA DE LA ÚLTIMA TRANSACCIÓN
Fecha y hora de la última transacción 20220317000604.0
008 - • CÓDIGOS DE INFORMACIÓN DE LONGITUD FIJA
Códigos de información de longitud fija 160601s2005 ck a g 000 0 spa
020 ## - • NÚMERO INTERNACIONAL NORMALIZADO PARA LIBROS
Número Internacional Normalizado para Libros (ISBN) 9701505433
082 04 - • NÚMERO DE LA CLASIFICACIÓN DECIMAL DEWEY
Número de clasificación (R) 658.404
Número del ítem D65d
040 ## - FUENTE DE LA CATALOGACIÓN
Centro catalogador de origen CO-BoRNBP
Lengua de catalogación spa
Normas de descripción rda
Centro transcriptor CO-BoRNBP
100 1# - • PUNTO DE ACCESO PRINCIPAL-NOMBRE DE PERSONA
Nombre de persona Domingo Ajenjo, Alberto
245 10 - • TITULO PROPIAMENTE DICHO
Título Dirección y gestión de proyectos
Resto del título un enfoque práctico
Mención de responsabilidad, etc. Alberto Domingo Ajenjo
250 ## - • MENCIÓN DE EDICIÓN
Mención de edición 3a. reimpresión
264 ## - PRODUCCIÓN, PUBLICACIÓN , DISTRIBUCIÓN, FABRICACIÓN Y COPYRIGHT
Lugar de producción, publicación, distribución, fabricación Bogotá
Nombre del productor, editor, distribuidor, fabricante Alfaomega; Rama
Fecha de de producción, publicación, distribución, fabricación o copyright 2005
300 ## - • DESCRIPCIÓN FÍSICA
Extensión 325 páginas
Otras características físicas ilustraciones
Material Anexo 1 disquete
336 ## - TIPO DE CONTENIDO
Término de tipo de contenido texto
Código de tipo de contenido txt
Fuente rdacontent
337 ## - TIPO DE MEDIO
Nombre del tipo de medio sin mediación
Código del tipo de medio n
Fuente rdamedia
338 ## - TIPO DE SOPORTE
Nombre del tipo de soporte volumen
Código del tipo de soporte nc
Fuente rdacarrier
500 ## - • NOTA GENERAL
Nota general El disquete tiene como título: Dirección y gestión de proyectos : ejemplos. Consultarlo bajo clasificación: 658.404 D65d Incluye ISBN de Colombia: 958-682-457-8
505 ## - • NOTA DE CONTENIDO CON FORMATO
Nota de contenido con formato capitulo 1. Introducción a la dirección y gestión de proyectos.-- capitulo 2. Detección de oportunidades.-- capitulo 3. Evaluación del proyecto.-- capitulo 4. Preparación de la oferta.-- capitulo 6. Seguimiento del proyecto.-- capitulo 7 Cierre del proyecto
650 14 - • PUNTO DE ACCESO ADICIONAL DE MATERIA - TÉRMINO DE MATERIA
Fuente del encabezamiento o término LEMB
Término de materia o nombre geográfico como elemento inicial Gestión (Administración)
650 14 - • PUNTO DE ACCESO ADICIONAL DE MATERIA - TÉRMINO DE MATERIA
Fuente del encabezamiento o término LEMB
Término de materia o nombre geográfico como elemento inicial Evaluación de proyectos
650 14 - • PUNTO DE ACCESO ADICIONAL DE MATERIA - TÉRMINO DE MATERIA
Fuente del encabezamiento o término LEMB
Término de materia o nombre geográfico como elemento inicial Administración de empresas
650 14 - • PUNTO DE ACCESO ADICIONAL DE MATERIA - TÉRMINO DE MATERIA
Fuente del encabezamiento o término LEMB
Término de materia o nombre geográfico como elemento inicial Proyectos de inversión
942 ## - ENTRADA DE ELEMENTOS AGREGADOS (KOHA)
Fuente de clasificaión o esquema Dewey Decimal Classification
Koha [por defecto] tipo de item LIbro
Existencias
Perdido Fuente de clasificación o esquema Estado Físico No para préstamo Forma de adquisición Localización permanente Localización actual Localización en estanterías Fecha adquisición Préstamos totales Signatura completa Código de barras Fecha última consulta Número de copia Fecha del precio de reemplazo Tipo de item de Koha
  Dewey Decimal Classification     Colección General Biblioteca Pública José Eustasio Rivera - San Martin Biblioteca Pública José Eustasio Rivera - San Martin General 08/14/2023   658.404 D65d SM001607 08/14/2023 Ej.1 08/14/2023 LIbro
  Dewey Decimal Classification     Colección General Biblioteca Pública Puerto Lleras Biblioteca Pública Puerto Lleras General 06/26/2025   658.404 D65d PLL00679 06/26/2025 Ej.1 06/26/2025 LIbro
  Dewey Decimal Classification     Colección General Biblioteca Pública San Carlos de Guaroa - Eduardo Carranza Biblioteca Pública San Carlos de Guaroa - Eduardo Carranza General 06/04/2025   658.404 D65d SG03217 06/04/2025 Ej.1 06/04/2025 LIbro
  Dewey Decimal Classification     Colección General Biblioteca Pública El Castillo - Alfonso Meneses Biblioteca Pública El Castillo - Alfonso Meneses General 08/02/2023   658.404 D65d EC01235 08/02/2023 Ej.1 08/02/2023 LIbro
  Dewey Decimal Classification     Colección General Biblioteca Pública Barranca de Upia - María Dolores Herrera Biblioteca Pública Barranca de Upia - María Dolores Herrera General 07/08/2025   658.404 D65d BUP1815 07/08/2025 Ej.1 07/08/2025 LIbro
  Dewey Decimal Classification     Colección General Biblioteca Pública Mapiripan Biblioteca Pública Mapiripan General 01/04/2024   658.40 D65d MAP0000797 01/04/2024 Ej.1 01/04/2024 LIbro
  Clasificación Local Facetada     Colección General Biblioteca Pública Puerto Concordia Biblioteca Pública Puerto Concordia General 02/19/2026   658.404 D65d PCON02176 02/19/2026 Ej.1 02/19/2026 LIbro
  Dewey Decimal Classification     Colección General Biblioteca Pública Puerto Rico Biblioteca Pública Puerto Rico General 02/01/2023   658.404d65d PR00000475 02/01/2023 Ej.1 02/01/2023 LIbro
  Dewey Decimal Classification     Colección General Biblioteca Pública Uribe - Reinerio Arenas Biblioteca Pública Uribe - Reinerio Arenas General 08/09/2024   658.404 D65d URI00833 08/09/2024 Ej.1 08/09/2024 LIbro
  Dewey Decimal Classification     Colección General Biblioteca Pública Vistahermosa Biblioteca Pública Vistahermosa General 10/23/2023   658.404 D65d VIS00862 10/23/2023 Ej.1 10/23/2023 LIbro









Instituto Departamental de Cultura del Meta - Red Departamental de Bibliotecas Públicas del Meta.